00642nam a22001817a 450000500170000000800410001702000150005805000240007324501120009725000110020926000520022030000210027249000170029350400190031065000400032965000450036970000460041420191108115843.0191108b mx ||||| |||| 00| 0 spa d a970104885704aHD9435.A2bC35 200500aCálculos para la planeación y control de empresas porcinas c / colaborador Javier Flores Covarrubias. a1a ed. aMéxico :bMc Graw-Hill, Interamericana c2005 a116 p. ;c23 cm.0 aAgropecuaria aIncluye indice 42lembaCerdos xIndustria y comercio 4aCerdos, Cría dexModelos matemáticos1 aFlores Covarrubias, Javier,ecolaborador